| 000 | 01563cam a2200301 4500 | ||
|---|---|---|---|
| 001 | ABS66990 | ||
| 008 | 030901n2003 000 0 eng u | ||
| 035 | _a(Sirsi) u123417 | ||
| 100 | _aCollett, A. | ||
| 245 | _aIt's time to settle down | ||
| 260 | _c2003 | ||
| 490 |
_aEstates Gazette _v(0329) 19 July 2003, 110-111(2) |
||
| 520 | _aNew research conducted by the College of Estate Management has suggested that the conditions for private residential investment are now more favourable than at any time in the past 20 years. "Residential investment and sustainable communities" (ISBN 1904388027) examines the reasons why institutions have been reluctant to make large-scale private investments into mixed-use developments and private rented housing in the UK. The main barriers to this investment have been stock shortage, market volatility, perceived low returns and lack of tax transparency. Many of these have been eroded. The research draws in comparative information from the Netherlands and Canada, involved a comprehensive review of the UK planning and housing policy background and the legislative framework. | ||
| 590 | _aABS | ||
| 650 | _aMIXED-USE DEVELOPMENTS | ||
| 650 | _aSUSTAINABLE COMMUNITIES | ||
| 650 | _aSUSTAINABLE HOUSING | ||
| 650 | _aRESIDENTIAL INVESTMENT | ||
| 650 | _aIPD RESIDENTIAL INDEX | ||
| 650 | _aPRIVATE RENTED HOUSING | ||
| 650 | _aPRIVATE RENTED SECTOR | ||
| 650 | _aCANADA | ||
| 650 | _aNETHERLANDS | ||
| 690 | _aHOUSING-INVESTMENT | ||
| 700 | _aDaly, J. | ||
| 700 | _aPottinger, G. | ||
| 942 | _n0 | ||
| 999 |
_c73310 _d73310 |
||